Detalles MARC
| 000 -LEADER |
| fixed length control field |
02053nam a2200397 a 4500 |
| 001 - CONTROL NUMBER |
| control field |
|
| 003 - CONTROL NUMBER IDENTIFIER |
| control field |
OSt |
| 005 - DATE AND TIME OF LATEST TRANSACTION |
| control field |
20220314113927.0 |
| 007 - PHYSICAL DESCRIPTION FIXED FIELD--GENERAL INFORMATION |
| fixed length control field |
ta |
| 008 - FIXED-LENGTH DATA ELEMENTS--GENERAL INFORMATION |
| fixed length control field |
150114s2014 dr er 001 0 spa d |
| 020 ## - INTERNATIONAL STANDARD BOOK NUMBER |
| International Standard Book Number |
9789945580204 |
| 040 ## - CATALOGING SOURCE |
| Original cataloging agency |
DO-SdBNP |
| Language of cataloging |
spa |
| Transcribing agency |
BPMSU |
| 082 ## - DEWEY DECIMAL CLASSIFICATION NUMBER |
| Classification number |
346.015 |
| Item number |
P123p 2014 |
| Edition number |
22 |
| 100 1# - MAIN ENTRY--PERSONAL NAME |
| Personal name |
Padilla, Yudelka |
| 245 14 - TITLE STATEMENT |
| Title |
Las personas jurídicas naturales y el derecho familiar / |
| Statement of responsibility, etc. |
Yudelka Maribel Padilla Maldonado ; Alexandra Deschamps , diagramación |
| 260 ## - PUBLICATION, DISTRIBUTION, ETC. (IMPRINT) |
| Place of publication, distribution, etc. |
Santo Domingo : |
| Name of publisher, distributor, etc. |
UAPA, |
| Date of publication, distribution, etc. |
2014. |
| 300 ## - PHYSICAL DESCRIPTION |
| Extent |
327 p. ; |
| Dimensions |
26 cm. |
| 490 0# - SERIES STATEMENT |
| Series statement |
Autoaprendizaje |
| 500 ## - GENERAL NOTE |
| General note |
Incluye datos biográficos de la autora en la solapa de la cubierta |
| 504 ## - BIBLIOGRAPHY, ETC. NOTE |
| Bibliography, etc |
Bibliografía : p. 325-326 |
| 505 1# - FORMATTED CONTENTS NOTE |
| Formatted contents note |
Capítulo I : Las personas físicas o naturales.-- Capítulo II : El nombre, el suedónimo y el sobrenombre -- Capítulo III : El domicilio capítulo IV : El patrimonio -- Capítulo V : La capacidad -- Capítulo VI : El consejo de familia, la tutela y la curatela.-- Capítulo VII : El estado civil -- Capítulo VIII : El oficial del estado civil y las actas del estado civil -- Capítulo IX : La nacionalidad -- Capítulo X : El derecho familiar y familia -- Capítulo XI : El matrimonio -- Capítulo XII : El divorcio -- Capítulo XIII : La filiación. reconocimiento y desconocimiento de la filiación.- |
| Title |
|
| 505 1# - FORMATTED CONTENTS NOTE |
| Formatted contents note |
Capítulo XIV : |
| Title |
La adopción.- |
| 505 1# - FORMATTED CONTENTS NOTE |
| Formatted contents note |
Capítulo XV : |
| Title |
La autoridad del padre y de la madre, la guarda y las visitas.- |
| 505 1# - FORMATTED CONTENTS NOTE |
| Formatted contents note |
Capítulo XVI : |
| Title |
La obligación alimenticia.- |
| 505 1# - FORMATTED CONTENTS NOTE |
| Title |
Respuestas a los ejercicios de autoevaluación.- |
| 505 1# - FORMATTED CONTENTS NOTE |
| Title |
Bibliografía general.- |
| 590 ## - LOCAL NOTE (RLIN) |
| Local note |
Inventariado,2022/VM |
| 650 #4 - SUBJECT ADDED ENTRY--TOPICAL TERM |
| Topical term or geographic name as entry element |
Personas (derecho) |
| 650 #4 - SUBJECT ADDED ENTRY--TOPICAL TERM |
| Topical term or geographic name as entry element |
Derecho de familia |
| 650 #4 - SUBJECT ADDED ENTRY--TOPICAL TERM |
| Topical term or geographic name as entry element |
Familia |
| General subdivision |
Aspectos sociales |
| 650 #4 - SUBJECT ADDED ENTRY--TOPICAL TERM |
| Topical term or geographic name as entry element |
Matrimonio |
| General subdivision |
Aspectos jurídicos. |
| 700 1# - ADDED ENTRY--PERSONAL NAME |
| Personal name |
Deschamps, Alexandra |
| Relator term |
diagramación |
| 710 2# - ADDED ENTRY--CORPORATE NAME |
| Corporate name or jurisdiction name as entry element |
Universidad Abierta para Adultos (Santiago de los Caballeros, Republica Dominicana) |
| 910 ## - USER-OPTION DATA (OCLC) |
| User-option data |
VMateo V. |
| 942 ## - ADDED ENTRY ELEMENTS (KOHA) |
| Source of classification or shelving scheme |
Dewey Decimal Classification |
| Koha item type |
Libros |